[Event "XII TORNEO "ARRASATE HIRIA""]
[Site "Arrasate"]
[Date "2012.09.14"]
[Round "1"]
[Board "1"]
[White "Hernando Casas, Jose Manuel"]
[Black "Franco Alonso, Alejandro"]
[Result "0-1"]
[WhiteElo "2004"]
[BlackElo "2479"]
[PlyCount "120"]
[EventDate "2012.09.14"]
[EventRounds "6"]
[EventCountry "ESP"]

1. e4 c5 2. Nf3 e6 3. d4 cxd4 4. Nxd4 Nf6 5. Nc3 d6 6. Be2 a6 7. O-O Qc7 8. Be3
b5 9. a3 Bb7 10. f3 Nbd7 11. Qd2 Be7 12. Rfd1 O-O 13. Ndxb5 axb5 14. Nxb5 Qc6
15. Nxd6 Ba6 16. c4 Nc5 17. Rab1 Rfd8 18. e5 Bxd6 19. exd6 Nb3 20. Qc2 Rab8 21.
c5 Nd5 22. Bf2 Bxe2 23. Qxe2 Rb5 24. Qc2 Rc8 25. h3 h6 26. Kh1 Rb7 27. Bg1 Nf6
28. Rd3 Rcb8 29. Rbd1 Nd5 30. Rb1 Rb5 31. Rdd1 Rc8 32. Bf2 Qd7 33. Kg1 Qb7 34.
Kh1 Rc6 35. Bg1 Nf6 36. Rd3 Nd7 37. a4 Rb4 38. Rc3 e5 39. Rd1 Nd4 40. Bxd4 exd4
41. Rc4 Rxc4 42. Qxc4 Qxb2 43. Rxd4 Rxc5 44. Qd3 Qc1+ 45. Kh2 Qg5 46. f4 Qf6
47. Qd2 Qf5 48. Qe3 Kh7 49. Qf3 g6 50. Qd1 Kg7 51. Qa1 Qf6 52. Qd1 Rf5 53. Qd2
h5 54. a5 Rxa5 55. Rd3 Ra4 56. g3 h4 57. Qc3 hxg3+ 58. Kxg3 Rxf4 59. Qxf6+ Rxf6
60. Kg4 Ne5+ 0-1

[Event "XII TORNEO "ARRASATE HIRIA""]
[Site "Arrasate"]
[Date "2012.09.14"]
[Round "1"]
[Board "2"]
[White "Prieto Aranguren, Alain"]
[Black "Segura Del Frago, Imanol"]
[Result "1-0"]
[WhiteElo "2231"]
[BlackElo "1998"]
[PlyCount "85"]
[EventDate "2012.09.14"]
[EventRounds "6"]
[EventCountry "ESP"]

1. d4 d5 2. c4 dxc4 3. e3 Nf6 4. Bxc4 e6 5. Nf3 c5 6. O-O a6 7. a4 Nc6 8. Nc3
cxd4 9. exd4 Be7 10. Re1 O-O 11. Bg5 b6 12. Qd2 Bb7 13. Rad1 Nb4 14. Ne5 Nfd5
15. Bxe7 Qxe7 16. Ne4 Rac8 17. Bb3 h6 18. a5 bxa5 19. Nc5 Rfd8 20. Nc4 Ba8 21.
Nxa5 Qf6 22. Nab7 Nf4 23. Qxb4 Qg5 24. g3 Nh3+ 25. Kg2 Qf5 26. Re5 Nf4+ 27.
gxf4 Qg4+ 28. Kf1 Qh3+ 29. Ke1 Qxh2 30. Bc4 Qxf4 31. Nxd8 Rxd8 32. Bxa6 Bf3 33.
Be2 Bd5 34. Qa5 Ra8 35. Qd2 Qh2 36. Qe3 Rb8 37. Nd3 f6 38. Rh5 Qg1+ 39. Kd2 Qg6
40. Qg3 Qe8 41. Rxh6 Be4 42. Rg1 Rb7 43. Bf3 1-0

[Event "XII TORNEO "ARRASATE HIRIA""]
[Site "Arrasate"]
[Date "2012.09.14"]
[Round "1"]
[Board "3"]
[White "Irure Crespo, Egoitz"]
[Black "Miguel Quintero, Antonio"]
[Result "1/2-1/2"]
[WhiteElo "1953"]
[BlackElo "2164"]
[PlyCount "34"]
[EventDate "2012.09.14"]
[EventRounds "6"]
[EventCountry "ESP"]

1. d4 g6 2. e4 Bg7 3. Nc3 d6 4. Be3 Nc6 5. Qd2 e5 6. Nge2 Nf6 7. f3 exd4 8.
Nxd4 O-O 9. O-O-O Nxd4 10. Bxd4 Be6 11. g4 c5 12. Be3 Qa5 13. Kb1 Nd7 14. Nd5
Qa4 15. b3 Qa3 16. Qc1 Qa5 17. Qd2 Qa3 1/2-1/2

[Event "XII TORNEO "ARRASATE HIRIA""]
[Site "Arrasate"]
[Date "2012.09.14"]
[Round "1"]
[Board "4"]
[White "Alcaide Luque, Aitor"]
[Black "Villar Moron, Roberto"]
[Result "1-0"]
[WhiteElo "2140"]
[BlackElo "1899"]
[PlyCount "47"]
[EventDate "2012.09.14"]
[EventRounds "6"]
[EventCountry "ESP"]

1. d4 Nf6 2. Bg5 g6 3. Bxf6 exf6 4. e3 d5 5. Nd2 Nd7 6. g3 c6 7. Bg2 Bg7 8. Ne2
O-O 9. O-O b6 10. c4 dxc4 11. Bxc6 Ba6 12. Qa4 c3 13. Qxa6 cxd2 14. Qb7 Rc8 15.
Qxd7 Qxd7 16. Bxd7 Rc2 17. Rab1 d1=Q 18. Rfxd1 Rxe2 19. Ba4 b5 20. Bb3 a5 21.
Kf1 a4 22. Bxa4 Rxf2+ 23. Kxf2 bxa4 24. b4 1-0

[Event "XII TORNEO "ARRASATE HIRIA""]
[Site "Arrasate"]
[Date "2012.09.14"]
[Round "1"]
[Board "5"]
[White "San Jose Madinabeitia, Iban"]
[Black "Tornay Gomez, Josu"]
[Result "0-1"]
[WhiteElo "1834"]
[BlackElo "2103"]
[PlyCount "53"]
[EventDate "2012.09.14"]
[EventRounds "6"]
[EventCountry "ESP"]

1. d4 Nf6 2. c4 e5 3. dxe5 Ne4 4. Nf3 Nc6 5. e3 Bb4+ 6. Nbd2 Qe7 7. Bd3 Nc5 8.
Bc2 Nxe5 9. O-O Ncd3 10. a3 Bxd2 11. Bxd3 Bxc1 12. Rxc1 d6 13. h3 g5 14. Kh1 g4
15. Nxe5 dxe5 16. Be4 gxh3 17. g3 h5 18. c5 c6 19. Qa4 Bd7 20. Rfd1 f5 21. Rxd7
Kxd7 22. Bxf5+ Kc7 23. Qa5+ b6 24. Qa6 Rhd8 25. Be4 Qe6 26. cxb6+ axb6 27.
Rxc6+ 0-1

[Event "XII TORNEO "ARRASATE HIRIA""]
[Site "Arrasate"]
[Date "2012.09.14"]
[Round "1"]
[Board "7"]
[White "Uriarte Gabikagogeaskoa, Agust"]
[Black "Miguelez Garcia, Erlantz"]
[Result "0-1"]
[WhiteElo "1509"]
[BlackElo "2065"]
[PlyCount "64"]
[EventDate "2012.09.14"]
[EventRounds "6"]
[EventCountry "ESP"]

1. e4 c6 2. d4 d5 3. Nc3 dxe4 4. Nxe4 Bf5 5. Nc3 e6 6. Nf3 Nd7 7. Be3 Qc7 8.
Qd2 Bb4 9. Be2 Ngf6 10. Bd3 Ne4 11. Bxe4 Bxe4 12. O-O-O Qa5 13. Rhg1 Bxc3 14.
Qxc3 Qxc3 15. bxc3 Bxf3 16. gxf3 g6 17. Kd2 O-O-O 18. Ke2 Nb6 19. Bd2 Rhe8 20.
Bg5 Rd5 21. h4 Ra5 22. Ra1 Ra3 23. Kd3 Nd5 24. Bd2 e5 25. Rgb1 exd4 26. Kxd4
Ra4+ 27. c4 Nb6 28. Rb4 Rd8+ 29. Kc3 Rxb4 30. Kxb4 Rxd2 31. Re1 Rxf2 32. Kc5
Kd7 0-1

[Event "XII TORNEO "ARRASATE HIRIA""]
[Site "Arrasate"]
[Date "2012.09.14"]
[Round "1"]
[Board "9"]
[White "Urrutia Domaika, Liher"]
[Black "Ruiz Martinez, Isidro"]
[Result "0-1"]
[WhiteElo "632"]
[BlackElo "2016"]
[PlyCount "46"]
[EventDate "2012.09.14"]
[EventRounds "6"]
[EventCountry "ESP"]

1. e4 g6 2. d4 Bg7 3. Nc3 d6 4. Be3 c6 5. f3 Nd7 6. Qd2 Qa5 7. O-O-O b5 8. Kb1
h5 9. h4 b4 10. Nce2 Nb6 11. Nc1 Be6 12. Qe1 Rc8 13. a3 c5 14. Bd3 Qa4 15. Qe2
c4 16. b3 cxd3 17. Qxd3 Qxa3 18. Qb5+ Bd7 19. Qd3 Rc5 20. Qe2 Ra5 21. Na2 Qxa2+
22. Kc1 Qa1+ 23. Kd2 Qc3+ 0-1

[Event "XII TORNEO "]
[Site "Arrasate"]
[Date "2012.09.21"]
[Round "2.1"]
[White "Franco Alonso, Alejandro"]
[Black "Ruiz Abad, Juan Manuel"]
[Result "1-0"]
[WhiteElo "2479"]
[BlackElo "2041"]
[PlyCount "63"]
[EventDate "2012.09.14"]

1. Nf3 c5 2. c4 Nc6 3. d4 cxd4 4. Nxd4 g6 5. e4 Nf6 6. Nc3 d6 7. Be2 Nxd4 8.
Qxd4 Bg7 9. Bg5 O-O 10. Qd2 a5 11. Rd1 Be6 12. Qe3 Qb8 13. O-O Rc8 14. Na4 Rxc4
15. Bxc4 Bxc4 16. Rfe1 b5 17. b3 Ng4 18. Qg3 Be6 19. Nc3 h6 20. Bc1 g5 21. h3
Be5 22. Qd3 Nf6 23. Nxb5 a4 24. Be3 Nh5 25. Rb1 axb3 26. axb3 Nf4 27. Bxf4 gxf4
28. Nd4 Bd7 29. Nf3 Bg7 30. Qd2 Qb6 31. Qxf4 Ra2 32. Qe3 1-0

[Event "XII TORNEO "]
[Site "Arrasate"]
[Date "2012.09.21"]
[Round "2.2"]
[White "Etxagibel Larrañaga, Asier"]
[Black "Prieto Aranguren, Alain"]
[Result "1-0"]
[WhiteElo "2077"]
[BlackElo "2231"]
[PlyCount "157"]
[EventDate "2012.09.14"]

1. e4 c6 2. d4 d5 3. exd5 cxd5 4. Bd3 Nc6 5. c3 Nf6 6. h3 g6 7. Nf3 Bg7 8. Bf4
O-O 9. O-O Nh5 10. Bh2 Bh6 11. Nbd2 Nf4 12. Bc2 f6 13. Re1 Qd6 14. a4 b6 15. c4
Nb4 16. cxd5 Nbxd5 17. Bb3 Bb7 18. Nc4 Qd7 19. Ne3 e6 20. Ng4 Bg7 21. Qd2 Nh5
22. Rac1 Rfe8 23. Rc2 Rac8 24. Rec1 Rxc2 25. Rxc2 Rc8 26. Qc1 Rxc2 27. Qxc2
Ndf4 28. Qd2 Nxh3+ 29. gxh3 Bxf3 30. Qc3 Bb7 31. Qc7 Qxc7 32. Bxc7 Kf7 33. Ne3
f5 34. d5 exd5 35. Nxd5 Ke8 36. Bb8 a6 37. Nxb6 Bxb2 38. Nc4 Bd4 39. Nd6+ Kd7
40. Nxb7 Kc8 41. Na5 Bb6 42. Nc4 Bxf2+ 43. Kxf2 Kxb8 44. Ne5 Nf4 45. Kg3 Ne2+
46. Kh4 Nf4 47. Nf7 Kc7 48. Ng5 Kd6 49. Bc4 a5 50. Nxh7 Kc5 51. Bf1 Ne6 52. Ng5
Nd4 53. Nf7 Kb4 54. Kg5 Ne6+ 55. Kf6 Nf4 56. h4 Kxa4 57. Kg5 Nh5 58. Kxg6 Ng3
59. Bg2 Kb4 60. Bd5 Kc5 61. Bb3 Kd4 62. Kg5 Ke3 63. Ne5 f4 64. Kg4 Ne4 65. Nc4+
Kd4 66. Kxf4 Nf6 67. Nxa5 Kc5 68. Kf5 Nh5 69. Bd1 Ng3+ 70. Kf4 Kd6 71. Kxg3 Ke7
72. Kf4 Kf6 73. Nc6 Kg7 74. Kg5 Kh7 75. Nd8 Kh8 76. Nf7+ Kg7 77. Bh5 Kh7 78.
Bg6+ Kg7 79. h5 1-0

[Event "XII TORNEO "]
[Site "Arrasate"]
[Date "2012.09.21"]
[Round "2.3"]
[White "Miguelez Garcia, Erlantz"]
[Black "Alcaide Luque, Aitor"]
[Result "0-1"]
[WhiteElo "2065"]
[BlackElo "2140"]
[PlyCount "50"]
[EventDate "2012.09.14"]

1. c4 f5 2. Nc3 Nf6 3. g3 e6 4. Bg2 c6 5. d4 d5 6. Nf3 Bd6 7. O-O O-O 8. Rb1
Ne4 9. Bd2 Nd7 10. Nxe4 fxe4 11. Ng5 Nf6 12. f3 h6 13. fxe4 hxg5 14. e5 Bxe5
15. dxe5 Ng4 16. Rxf8+ Qxf8 17. Bc3 Qf2+ 18. Kh1 Qf5 19. Qf1 Qh7 20. h3 Ne3 21.
Qe1 Bd7 22. c5 Rf8 23. Rc1 Nxg2 24. Kxg2 Qe4+ 25. Kh2 Qe3 0-1

[Event "XII TORNEO "]
[Site "Arrasate"]
[Date "2012.09.21"]
[Round "2.5"]
[White "Ruiz Martinez, Isidro"]
[Black "Irure Crespo, Egoitz"]
[Result "0-1"]
[WhiteElo "2016"]
[BlackElo "1953"]
[PlyCount "100"]
[EventDate "2012.09.14"]

1. Nf3 d5 2. g3 Bg4 3. Bg2 e6 4. c4 c6 5. d4 Nd7 6. O-O Ngf6 7. Nc3 Bd6 8. Qb3
Qb6 9. c5 Qxb3 10. axb3 Bc7 11. b4 O-O 12. b5 e5 13. e3 Bf5 14. Rd1 Rfe8 15. b4
Ne4 16. Nxe4 Bxe4 17. bxc6 bxc6 18. Ra6 Nb8 19. Ra2 Nd7 20. Bd2 Bd3 21. Rda1 a6
22. Bh3 Nb8 23. Nxe5 Bxe5 24. dxe5 Rxe5 25. f4 Re7 26. Kf2 f6 27. Ra3 Bc4 28.
Bc8 Rc7 29. Be6+ Kf8 30. e4 Re7 31. exd5 cxd5 32. f5 Nc6 33. Rc1 Nd4 34. Bf4
Nxe6 35. Bd6 Nd4 36. Re1 Nxf5 37. Rxe7 Nxe7 38. Re3 Re8 39. c6 Kf7 40. c7 Nc8
41. Bc5 Rxe3 42. Kxe3 Ke6 43. Bf8 g6 44. Kd4 Kd7 45. Bg7 Kxc7 46. Bxf6 Kd6 47.
g4 Ke6 48. Bh4 Ne7 49. Bg3 Nc6+ 50. Kc5 Ne5 0-1

[Event "XII TORNEO "]
[Site "Arrasate"]
[Date "2012.09.21"]
[Round "2.6"]
[White "Miguel Quintero, Antonio"]
[Black "Astasio Lopez, David"]
[Result "0-1"]
[WhiteElo "2164"]
[BlackElo "2402"]
[PlyCount "32"]
[EventDate "2012.09.14"]

1. e4 c5 2. c3 Nf6 3. e5 Nd5 4. d4 e6 5. Nf3 Nc6 6. c4 Ndb4 7. d5 exd5 8. cxd5
Nd4 9. Nxd4 cxd4 10. a3 Qa5 11. Bd2 d3 12. axb4 Qxa1 13. Bc3 d2+ 14. Kxd2 Bxb4
15. Qc2 Bxc3+ 16. Nxc3 O-O 0-1

[Event "XII TORNEO "]
[Site "Arrasate"]
[Date "2012.09.21"]
[Round "2.7"]
[White "San Jose Madinabeitia, Iban"]
[Black "Hernando Casas, Jose Manuel"]
[Result "0-1"]
[WhiteElo "1834"]
[BlackElo "2004"]
[PlyCount "58"]
[EventDate "2012.09.14"]

1. d4 d5 2. c4 c6 3. Nc3 Nf6 4. Nf3 g6 5. cxd5 cxd5 6. Qb3 Bg7 7. Bg5 e6 8. e4
dxe4 9. Bb5+ Bd7 10. Nxe4 Qa5+ 11. Bd2 Qb6 12. Bxd7+ Nbxd7 13. Qxb6 axb6 14.
Nd6+ Ke7 15. Bb4 Nd5 16. Nf5+ Kf6 17. Nxg7 Nxb4 18. Kd2 Kxg7 19. a3 Nc6 20.
Rac1 Rhd8 21. Rc4 b5 22. Rc3 Nb6 23. Rd3 Ra4 24. b4 Nc4+ 25. Ke2 Rxa3 26. Rxa3
Nxa3 27. Ra1 Nc2 28. Rb1 N2xd4+ 29. Nxd4 Rxd4 0-1

[Event "XII TORNEO "]
[Site "Arrasate"]
[Date "2012.09.21"]
[Round "2.8"]
[White "Segura Del Frago, Imanol"]
[Black "Uriarte Gabikagogeaskoa, Agust"]
[Result "1-0"]
[WhiteElo "1998"]
[BlackElo "1509"]
[PlyCount "48"]
[EventDate "2012.09.14"]

1. d4 Nf6 2. c4 d5 3. cxd5 Qxd5 4. Nc3 Qd8 5. e4 e6 6. Nf3 Bb4 7. e5 Ne4 8. Qc2
Nxc3 9. bxc3 Ba5 10. Bd3 Nc6 11. O-O g6 12. Bh6 Ne7 13. Bg7 Rg8 14. Bf6 b6 15.
Be4 Rb8 16. Rfd1 Bb7 17. Ng5 Bxe4 18. Nxe4 Qc8 19. Bg5 Nd5 20. c4 Nb4 21. Nf6+
Kf8 22. Nxh7+ Kg7 23. Qe4 Rh8 24. Bf6+ Kxh7 1-0

[Event "XII TORNEO "]
[Site "Arrasate"]
[Date "2012.09.21"]
[Round "2.9"]
[White "Villar Moron, Roberto"]
[Black "Uriarte Sanchez, Oier"]
[Result "1-0"]
[WhiteElo "1899"]
[BlackElo "1389"]
[PlyCount "27"]
[EventDate "2012.09.14"]

1. e4 e5 2. Nf3 Nc6 3. Bc4 f5 4. d4 fxe4 5. Nxe5 Nxe5 6. dxe5 Qe7 7. Bf4 g5 8.
Qh5+ Kd8 9. Bxg5 Qxg5 10. Qxg5+ Ne7 11. Qf6 Bg7 12. Qxg7 Ng6 13. Qf6+ Ke8 14.
Bf7+ 1-0

[Event "XII TORNEO "]
[Site "Arrasate"]
[Date "2012.09.28"]
[Round "3.1"]
[White "Tornay Gomez, Josu"]
[Black "Franco Alonso, Alejandro"]
[Result "0-1"]
[WhiteElo "2103"]
[BlackElo "2479"]
[PlyCount "60"]
[EventDate "2012.09.14"]

1. c4 e6 2. g3 d5 3. Bg2 Nf6 4. Nf3 dxc4 5. Na3 Bxa3 6. bxa3 b5 7. Bb2 Bb7 8.
O-O O-O 9. Qc2 Nbd7 10. Rfd1 Be4 11. Qc3 Re8 12. Qe3 e5 13. d3 cxd3 14. exd3
Bd5 15. d4 e4 16. Ne5 Nb6 17. Bf1 c6 18. Rac1 Qd6 19. Rc2 Nfd7 20. Rdc1 Nxe5
21. dxe5 Qe6 22. Bd4 Nd7 23. Bg2 Nxe5 24. Bxe4 Bxe4 25. Qxe4 Nc4 26. Qf3 Qe4
27. Qc3 f6 28. f3 Qf5 29. Kg2 Rad8 30. Rf2 c5 0-1

[Event "XII TORNEO "]
[Site "Arrasate"]
[Date "2012.09.28"]
[Round "3.2"]
[White "Alcaide Luque, Aitor"]
[Black "Etxagibel Larrañaga, Asier"]
[Result "1/2-1/2"]
[WhiteElo "2140"]
[BlackElo "2077"]
[PlyCount "26"]
[EventDate "2012.09.14"]

1. Nf3 Nf6 2. c4 c6 3. b3 d5 4. e3 Bg4 5. d4 e6 6. Nbd2 Be7 7. Bd3 O-O 8. Qc2
Bh5 9. Ne5 Nbd7 10. Nxd7 Qxd7 11. O-O Bg6 12. Bb2 b5 13. c5 Qc7 1/2-1/2

[Event "XII TORNEO "]
[Site "Arrasate"]
[Date "2012.09.28"]
[Round "3.3"]
[White "Astasio Lopez, David"]
[Black "Irure Crespo, Egoitz"]
[Result "1/2-1/2"]
[WhiteElo "2402"]
[BlackElo "1953"]
[PlyCount "90"]
[EventDate "2012.09.14"]

1. d4 c5 2. e3 cxd4 3. exd4 d5 4. Nf3 Nf6 5. c4 e6 6. Nc3 Bb4 7. Qc2 Nc6 8. Bg5
O-O 9. a3 Be7 10. Rd1 b6 11. cxd5 Nxd5 12. Nxd5 Qxd5 13. Bxe7 Nxe7 14. Bd3 Qa5+
15. b4 Qxa3 16. Bxh7+ Kh8 17. O-O g6 18. Qe4 Ba6 19. b5 Bxb5 20. Qe5+ Kxh7 21.
Qxb5 Nd5 22. Ra1 Qb4 23. Qe2 Qd6 24. g3 Rfc8 25. h4 Kg7 26. Kg2 Rh8 27. Rfc1 a5
28. Ne5 Nf6 29. Qe3 Nd5 30. Qf3 Nf6 31. Qf4 Qd5+ 32. f3 Rh5 33. Rc7 Rf8 34. g4
Rxh4 35. Rac1 Qa2+ 36. R7c2 Qd5 37. Rh1 Rxh1 38. Kxh1 Qb3 39. Rh2 Qd1+ 40. Kg2
Qe2+ 41. Kg1 Qe1+ 42. Kg2 Qe2+ 43. Kg3 Qe1+ 44. Kg2 Qe2+ 45. Kg1 Qe1+ 1/2-1/2

[Event "XII TORNEO "]
[Site "Arrasate"]
[Date "2012.09.28"]
[Round "3.4"]
[White "Hernando Casas, Jose Manuel"]
[Black "Miguelez Garcia, Erlantz"]
[Result "1-0"]
[WhiteElo "2004"]
[BlackElo "2065"]
[PlyCount "59"]
[EventDate "2012.09.14"]

1. e4 c6 2. d4 d5 3. e5 Bf5 4. Nf3 e6 5. Be2 Nd7 6. O-O Ne7 7. c3 Bg6 8. Nh4
Nf5 9. Nxf5 Bxf5 10. Nd2 Be7 11. f4 h6 12. Nf3 a6 13. a4 c5 14. dxc5 Nxc5 15.
Nd4 Be4 16. b4 Nd7 17. a5 Rc8 18. Bd2 O-O 19. Qe1 g5 20. Qg3 Kh8 21. f5 exf5
22. Nxf5 Bxf5 23. Rxf5 Rc6 24. Bf3 Re6 25. Bxd5 Rxe5 26. Rxe5 Bd6 27. Qh3 Bxe5
28. Qxh6+ Kg8 29. Bxg5 Nf6 30. Be4 1-0

[Event "XII TORNEO "]
[Site "Arrasate"]
[Date "2012.09.28"]
[Round "3.7"]
[White "Montolio Benedicto, Cesar"]
[Black "Miguel Quintero, Antonio"]
[Result "1/2-1/2"]
[WhiteElo "1955"]
[BlackElo "2164"]
[PlyCount "87"]
[EventDate "2012.09.14"]

1. e4 c5 2. c3 Nf6 3. e5 Nd5 4. Nf3 Nc6 5. d4 cxd4 6. cxd4 d6 7. Be2 dxe5 8.
dxe5 e6 9. O-O Be7 10. Bd2 O-O 11. Nc3 Qc7 12. Nxd5 exd5 13. Bf4 Be6 14. Rc1
Rfd8 15. Bd3 g6 16. Re1 Qb6 17. Bg5 Rd7 18. Bxe7 Rxe7 19. b3 Bg4 20. h3 Bxf3
21. Qxf3 Nxe5 22. Qxd5 Rd8 23. Rxe5 Rxd5 24. Rxd5 Qb4 25. Bc4 a6 26. a4 Kg7 27.
Rcd1 Re4 28. g3 Re6 29. R5d4 Re1+ 30. Rxe1 Qxe1+ 31. Kg2 Qe7 32. Rd5 h5 33. h4
Kh6 34. f4 f6 35. Kf2 Qe4 36. Rd8 Qc2+ 37. Kf3 Qc3+ 38. Rd3 Qb4 39. Rd5 Qe1 40.
Rd8 Qb1 41. Rd5 Qe1 42. Kg2 Qe7 43. Kf3 f5 44. Re5 1/2-1/2

[Event "XII TORNEO "]
[Site "Arrasate"]
[Date "2012.09.28"]
[Round "3.8"]
[White "Uriarte Gabikagogeaskoa, Agust"]
[Black "San Jose Madinabeitia, Iban"]
[Result "0-1"]
[WhiteElo "1509"]
[BlackElo "1834"]
[PlyCount "86"]
[EventDate "2012.09.14"]

1. e4 e5 2. Nf3 Nf6 3. Bc4 d5 4. exd5 e4 5. Ng5 h6 6. Nh3 Bg4 7. Be2 Bxh3 8.
gxh3 Nxd5 9. Nc3 Nxc3 10. dxc3 Qxd1+ 11. Bxd1 Bd6 12. Bg4 Nc6 13. Be3 O-O 14.
O-O-O f5 15. Be2 f4 16. Bd4 Nxd4 17. cxd4 e3 18. f3 Rf6 19. Rhg1 Kf8 20. Rg4
Rd8 21. c4 Bb4 22. a3 Bd2+ 23. Kc2 Rxd4 24. Rdg1 g5 25. h4 Rg6 26. Bd3 Rg7 27.
hxg5 hxg5 28. h4 Rgd7 29. Rxg5 Rxd3 30. Rg8+ Kf7 31. R8g7+ Kf6 32. R7g6+ Ke5
33. R1g2 Be1 34. R2g5+ Kd4 35. Rd5+ Rxd5 36. cxd5 Rd2+ 37. Kc1 Bxh4 38. Re6
Kxd5 39. Re4 Bg3 40. Re8 Rf2 41. Rd8+ Kc6 42. Re8 Rxf3 43. Kd1 Rf2 0-1

[Event "XII TORNEO "]
[Site "Arrasate"]
[Date "2012.10.07"]
[Round "4.1"]
[White "Franco Alonso, Alejandro"]
[Black "Alcaide Luque, Aitor"]
[Result "1-0"]
[WhiteElo "2479"]
[BlackElo "2140"]
[PlyCount "99"]
[EventDate "2012.09.14"]

1. c4 c5 2. Nf3 Nf6 3. Nc3 Nc6 4. g3 g6 5. d4 cxd4 6. Nxd4 Bg7 7. Bg2 O-O 8.
O-O d6 9. e3 Rb8 10. Bxc6 bxc6 11. Nxc6 Qc7 12. Nxb8 Bh3 13. Na6 Qb7 14. e4
Bxf1 15. Qxf1 Qxa6 16. Bd2 Qb6 17. Rb1 Ng4 18. Nd5 Qb7 19. Qe2 Ne5 20. Bc3 e6
21. Nf4 Rc8 22. Bxe5 Bxe5 23. Ng2 Bd4 24. b3 Rf8 25. Rd1 Bc5 26. Nf4 e5 27. Nd5
f5 28. exf5 Rxf5 29. Rf1 a5 30. Kg2 Kg7 31. f3 Rf7 32. Qe4 a4 33. b4 Bd4 34.
Rd1 Qc8 35. Rxd4 exd4 36. Qxd4+ Kh6 37. b5 Qf5 38. Qf4+ Qxf4 39. gxf4 Rf8 40.
Kf2 Rc8 41. Nb6 Rb8 42. Nxa4 d5 43. Nc3 dxc4 44. a4 Rd8 45. a5 Ra8 46. b6 Rxa5
47. b7 Ra3 48. b8=Q Rxc3 49. Qf8+ Kh5 50. Qc5+ 1-0

[Event "XII TORNEO "]
[Site "Arrasate"]
[Date "2012.10.07"]
[Round "4.2"]
[White "Etxagibel Larrañaga, Asier"]
[Black "Astasio Lopez, David"]
[Result "0-1"]
[WhiteElo "2077"]
[BlackElo "2402"]
[PlyCount "58"]
[EventDate "2012.09.14"]

1. e4 c5 2. Nf3 e6 3. d4 cxd4 4. Nxd4 Nf6 5. Nc3 Nc6 6. Ndb5 Bb4 7. a3 Bxc3+ 8.
Nxc3 d5 9. exd5 exd5 10. Bd3 O-O 11. O-O d4 12. Ne2 Bg4 13. f3 Bh5 14. Bg5 Bg6
15. Qd2 Re8 16. Rad1 Rc8 17. Bh4 Qb6 18. Bxf6 gxf6 19. Nf4 Qxb2 20. Nd5 Re6 21.
Qf4 Kg7 22. Bf5 Bxf5 23. Qxf5 Qb5 24. Qg4+ Kh8 25. Nxf6 Qe5 26. Nh5 Rg8 27. Qh4
Rh6 28. Qf4 Qxh5 29. Rfe1 Qg5 0-1

[Event "XII TORNEO "]
[Site "Arrasate"]
[Date "2012.10.07"]
[Round "4.4"]
[White "Irure Crespo, Egoitz"]
[Black "Ruiz Abad, Juan Manuel"]
[Result "1-0"]
[WhiteElo "1953"]
[BlackElo "2041"]
[PlyCount "41"]
[EventDate "2012.09.14"]

1. Nf3 c5 2. c3 Nf6 3. d4 Qc7 4. Bg5 Ne4 5. Bh4 d5 6. e3 Bg4 7. Qa4+ Bd7 8. Qc2
Nc6 9. Bd3 Bf5 10. dxc5 Bg6 11. b4 e6 12. Nbd2 f5 13. Nd4 Qd7 14. f3 Nxd2 15.
Qxd2 Be7 16. Bxe7 Qxe7 17. Nb5 O-O 18. O-O Rf6 19. Nd6 Bh5 20. e4 Ne5 21. exf5
1-0

[Event "XII TORNEO "]
[Site "Arrasate"]
[Date "2012.10.07"]
[Round "4.5"]
[White "Prieto Aranguren, Alain"]
[Black "Hernando Casas, Jose Manuel"]
[Result "0-1"]
[WhiteElo "2231"]
[BlackElo "2004"]
[PlyCount "90"]
[EventDate "2012.09.14"]

1. e4 e6 2. d4 d5 3. Nc3 Bb4 4. e5 c5 5. a3 Bxc3+ 6. bxc3 Ne7 7. Qg4 Qc7 8.
Qxg7 Rg8 9. Qxh7 cxd4 10. Ne2 Nbc6 11. f4 dxc3 12. Qd3 d4 13. Rg1 Bd7 14. Rb1
O-O-O 15. g4 Rh8 16. h3 Kb8 17. Rg3 Bc8 18. Bg2 b6 19. a4 Bb7 20. Ba3 Nd5 21.
Bxd5 Rxd5 22. Bd6 Rxd6 23. exd6 Qxd6 24. Qc4 e5 25. f5 Qf6 26. Rd1 Rd8 27. Qb5
Qg5 28. a5 e4 29. axb6 a6 30. Qc5 Qh4 31. Kf1 Ka8 32. g5 e3 33. Kg1 Qe4 34.
Nxc3 e2 35. Nxe2 Qxe2 36. Ra1 Ne5 37. Qc7 Rc8 38. Qd6 Nf3+ 39. Rxf3 Qxf3 40.
Qh2 Rxc2 41. Rxa6+ Bxa6 42. Qxc2 Qf1+ 43. Kh2 Qf4+ 44. Kg1 Qxg5+ 45. Kh2 Qf4+
0-1

[Event "XII TORNEO "]
[Site "Arrasate"]
[Date "2012.10.07"]
[Round "4.6"]
[White "Miguel Quintero, Antonio"]
[Black "Villar Moron, Roberto"]
[Result "1-0"]
[WhiteElo "2164"]
[BlackElo "1899"]
[PlyCount "41"]
[EventDate "2012.09.14"]

1. e4 c5 2. c3 d5 3. exd5 Qxd5 4. d4 Nc6 5. Nf3 Bg4 6. Be2 cxd4 7. cxd4 e6 8.
Nc3 Bb4 9. O-O Qd7 10. Be3 Nf6 11. h3 Bh5 12. Qb3 Qe7 13. d5 Bxf3 14. Bxf3 Ne5
15. Be2 Bxc3 16. Qxc3 exd5 17. Bb5+ Nfd7 18. Bc5 Nf3+ 19. gxf3 Qg5+ 20. Kh1 Rc8
21. Qe3+ 1-0

[Event "XII TORNEO "]
[Site "Arrasate"]
[Date "2012.10.07"]
[Round "4.7"]
[White "Miguelez Garcia, Erlantz"]
[Black "San Jose Madinabeitia, Iban"]
[Result "1-0"]
[WhiteElo "2065"]
[BlackElo "1834"]
[PlyCount "37"]
[EventDate "2012.09.14"]

1. d4 d6 2. Nf3 c6 3. c4 g6 4. Nc3 Bg7 5. e4 f5 6. Bd3 Nf6 7. O-O fxe4 8. Nxe4
O-O 9. Re1 Nxe4 10. Bxe4 Bg4 11. h3 Bxf3 12. Bxf3 e5 13. dxe5 Bxe5 14. Bh6 Rf7
15. Rxe5 Rxf3 16. gxf3 Nd7 17. Qxd6 Nxe5 18. Qxe5 Qd7 19. Re1 1-0

[Event "XII TORNEO "]
[Site "Arrasate"]
[Date "2012.10.07"]
[Round "4.3"]
[White "Ruiz Martinez, Isidro"]
[Black "Tornay Gomez, Josu"]
[Result "0-1"]
[WhiteElo "2016"]
[BlackElo "2103"]
[PlyCount "100"]
[EventDate "2012.09.14"]

1. d4 Nf6 2. Nf3 g6 3. g3 Bg7 4. Bg2 O-O 5. O-O d5 6. c4 dxc4 7. Ne5 c5 8. dxc5
Qc7 9. Nxc4 Qxc5 10. Nba3 Nc6 11. Be3 Qh5 12. f3 Be6 13. g4 Qh4 14. Qe1 Qxe1
15. Raxe1 b5 16. Nd2 Nd5 17. Bc5 Bxb2 18. Nxb5 a6 19. Rb1 Bg7 20. Na3 Nc3 21.
Rb6 Rac8 22. Rxa6 Nb8 23. Rxe6 fxe6 24. Bxe7 Rf7 25. Bd6 Rd7 26. Ndc4 Rcd8 27.
Bc5 Nxe2+ 28. Kf2 Nf4 29. Kg3 g5 30. h4 Nxg2 31. Kxg2 gxh4 32. Re1 Kf7 33. Bf2
h3+ 34. Kxh3 Rd3 35. Kg2 Rc3 36. Re4 Rdd3 37. Nb5 Rc2 38. Ncd6+ Kg8 39. Rxe6
Nd7 40. Ne4 Ne5 41. Nbd6 h6 42. Re8+ Kh7 43. Nf5 Ng6 44. Nxg7 Kxg7 45. Kg3 Rxa2
46. Re6 Raa3 47. Rf6 Ne5 48. Rf5 Nxf3 49. Nc5 Nd4+ 50. Nxd3 Nxf5+ {(Bandera)}
0-1

[Event "XII TORNEO "]
[Site "Arrasate"]
[Date "2012.10.12"]
[Round "5.1"]
[White "Astasio Lopez, David"]
[Black "Franco Alonso, Alejandro"]
[Result "1/2-1/2"]
[WhiteElo "2402"]
[BlackElo "2479"]
[PlyCount "76"]
[EventDate "2012.09.14"]

1. d4 Nf6 2. c4 c5 3. e3 cxd4 4. exd4 d5 5. Nc3 Nc6 6. Nf3 Bg4 7. cxd5 Nxd5 8.
Qb3 Bxf3 9. gxf3 e6 10. Qxb7 Nxd4 11. Bb5+ Nxb5 12. Qc6+ Ke7 13. Qxb5 Qd7 14.
Nxd5+ Qxd5 15. Qxd5 exd5 16. O-O Ke6 17. Re1+ Kf5 18. Be3 Bb4 19. Red1 Rhd8 20.
Rd4 Ba5 21. Rad1 Ke6 22. Rh4 h6 23. Rg4 g5 24. f4 f6 25. fxg5 hxg5 26. h4 gxh4
27. Rxh4 Rab8 28. b3 Bb6 29. Re1 Kf7 30. Rh7+ Kg6 31. Rh6+ Kf5 32. Rh5+ Kg6 33.
Rh6+ Kf5 34. Rh5+ Kg4 35. Rh6 d4 36. Bd2 Kf5 37. Rh5+ Kg6 38. Rh6+ Kf5 1/2-1/2